Ôn thi tuyển sinh đại học sinh học : Câu hỏi lí thuyết theo chủ đề
Quyển sách hướng dẫn cách học và làm các câu hỏi lý thuyết sinh vật, tóm tắt các lý thuyết căn bản, thực hành trả lời các câu hỏi lý thuyết được chọn lọc trong bộ đề thi tuyển sinh
Đã lưu trong:
| 主要作者: | |
|---|---|
| 格式: | 圖書 |
| 語言: | Undetermined |
| 出版: |
Thành phố Hồ Chí Minh
Nxb. Thành phố Hồ Chí Minh
1997
|
| 主題: | |
| 標簽: |
添加標簽
沒有標簽, 成為第一個標記此記錄!
|
| Thư viện lưu trữ: | Trung tâm Học liệu Trường Đại học Cần Thơ |
|---|
| LEADER | 01046nam a2200241Ia 4500 | ||
|---|---|---|---|
| 001 | CTU_28626 | ||
| 008 | 210402s9999 xx 000 0 und d | ||
| 020 | |b 21.500đ | ||
| 020 | |c 21500 | ||
| 082 | |a 570.76 | ||
| 082 | |b Nh121c | ||
| 100 | |a Nguyễn, Viết Nhân | ||
| 245 | 0 | |a Ôn thi tuyển sinh đại học sinh học : | |
| 245 | 0 | |b Câu hỏi lí thuyết theo chủ đề | |
| 245 | 0 | |c Nguyễn Viết Nhân | |
| 260 | |a Thành phố Hồ Chí Minh | ||
| 260 | |b Nxb. Thành phố Hồ Chí Minh | ||
| 260 | |c 1997 | ||
| 520 | |a Quyển sách hướng dẫn cách học và làm các câu hỏi lý thuyết sinh vật, tóm tắt các lý thuyết căn bản, thực hành trả lời các câu hỏi lý thuyết được chọn lọc trong bộ đề thi tuyển sinh | ||
| 650 | |a Biology | ||
| 650 | |x Study and teaching ( secondary ) | ||
| 904 | |i Nguyễn Quang Điền, 990206 | ||
| 980 | |a Trung tâm Học liệu Trường Đại học Cần Thơ | ||